000 00436nam a2200169 a 4500
001 0000-9089
003 ELIB.Books
008 110520 1961
035 _a(ELIB.Books)0000-9238
082 _a225.7
_bCol
100 _aCole, R. A.
245 _aTyndale(The Gospel According to St.Mark)
260 _bLondon: The Tyndale Press
_c1961
650 _aCommentaries
942 _2ddc
_cBK
998 _cbat
_e2011-05-20
999 _c9089
_d9089